Estudio comparativo de la diversidad genética y divergencia evolutiva entre la especie vulnerable Colombobaianus exelsa (lozano et. al.) Nixon AND Crepet y el roble comun Quercus Humboldth Bondpl. (Registro nro. 4858)
[ vista simple ]
| 000 -CABECERA | |
|---|---|
| Campo de control | 00933nam a2200217 a 4500 |
| 005 - FECHA Y HORA DE LA ULTIMA TRANSACCION | |
| Campo de control | 20191224041749.0 |
| 008 - ELEMENTOS DE LONGITUD FIJA—INFORMACION GENERAL | |
| Campo de control | 140124b2005 ck ||||| |||| 00| 0 spa d |
| 040 ## - FUENTE DE CATALOGACIÓN | |
| Agencia transcriptora | CO-BoIH |
| Agencia catalogadora original | CO-BoIAVH |
| 041 ## - IDIOMA | |
| Código de idioma para texto/pista de sonido o título separado | Español |
| 044 ## - PAÍS DE PUBLICACIÓN | |
| País de publicación | Colombia |
| 090 ## - CLASIFICACIÓN LOCAL | |
| Colección | TE |
| Consecutivo | 0167 |
| 100 1# - ASIENTO PRINCIPAL--NOMBRE PERSONAL | |
| Nombre personal | Palacio Mejia, Juan Diego |
| 9 (RLIN) | 4961 |
| 245 ## - MENCION DE TITULO | |
| Título | Estudio comparativo de la diversidad genética y divergencia evolutiva entre la especie vulnerable Colombobaianus exelsa (lozano et. al.) Nixon AND Crepet y el roble comun Quercus Humboldth Bondpl. |
| Parte restante del título | implicaciones para la biología de la conservación |
| 260 ## - PUBLICACION, DISTRIBUCION, ETC. (PIE DE IMPRENTA) | |
| Lugar de publicación, distribución, etc. | Palmira |
| Nombre del editor, distribuidor, etc. | Universidad Nacional de Colombia, Facultad de Ciencias Agropecuarias Postgrados |
| Fecha de publicación, distribución, etc. | 2005 |
| 300 ## - DESCRIPCION FISICA | |
| Extensión | 125 paginas. |
| 502 ## - NOTA DE TESIS | |
| Nota de tesis | Tesis (Maestría Ciencias)-- Universidad Nacional de Colombia |
| 650 14 - ASIENTO SECUNDARIO DE MATERIA - TERMINO TEMATICO | |
| Término temático o nombre geográfico como elemento de entrada | Diversidad genética |
| 9 (RLIN) | 2003 |
| 650 14 - ASIENTO SECUNDARIO DE MATERIA - TERMINO TEMATICO | |
| Término temático o nombre geográfico como elemento de entrada | Biología de la conservación |
| 9 (RLIN) | 3740 |
| 650 14 - ASIENTO SECUNDARIO DE MATERIA - TERMINO TEMATICO | |
| Término temático o nombre geográfico como elemento de entrada | Especies Forestales |
| 9 (RLIN) | 75429 |
| 942 ## - ELEMENTOS ADICIONALES (KOHA) | |
| Tipo de ítem | Tesis |
| Sistema de clasificación | Local |
| Withdrawn status | Lost status | Sistema de Clasificación | Damaged status | No para préstamo | Colección | Inventariado | Ubicación Permanente | Ubicación actual | Fecha de adquisición | Total Checkouts | Número topográfico | Inventario / Código de Barras | Date last seen | Ejemplar | Price effective from | Forma de adquisición | Tipo de material | Public note |
|---|---|---|---|---|---|---|---|---|---|---|---|---|---|---|---|---|---|---|
| Local | Tesis | Inventariado 2017 | Bogotá | Bogotá | 23/11/2005 | TE-0167 | 022360 | 04/12/2012 | Ej. 1 | 04/12/2012 | Donación | Tesis | Disponible solo para consulta en sala |